Štátne pokladničné poukážky

Štátne pokladničné poukážky patria k najdôležitejším cenným papierom peňažného trhu. Sú charakterizované takmer nulovým rizikom insolventnosti a vysokým stupňom likvidity. Emisia štátnych pokladničných poukážok. Investovanie do pokladničných poukážok.

Salvato in:
Dettagli Bibliografici
Autore principale: Hrvoľová, Božena
Natura: Capitolo di libro
Lingua:slovacco
Soggetti:
Tags: Aggiungi Tag
Nessun Tag, puoi essere il primo ad aggiungerne!!

MARC

LEADER 00000naa$a2200000$$$4500
001 0068591
005 20240502071830.4
041 0 |a slo 
044 |a SK 
245 1 0 |a Štátne pokladničné poukážky  |c Božena Hrvoľová 
520 |a Štátne pokladničné poukážky patria k najdôležitejším cenným papierom peňažného trhu. Sú charakterizované takmer nulovým rizikom insolventnosti a vysokým stupňom likvidity. Emisia štátnych pokladničných poukážok. Investovanie do pokladničných poukážok. 
610 2 0 |a poukážky pokladničné 
610 2 0 |a trh peňažný 
610 2 0 |a emisia 
610 2 0 |a investovanie 
610 2 0 |a Slovensko 
100 1 |a Hrvoľová, Božena